000 00532nam a2200145 4500
999 _c16147
_d16147
008 210429b ||||| |||| 00| 0 eng d
022 _a1559-663X
082 _aDPer 420.705 En36 c2006-2008
100 _aPuppin, Leni.
_943245
245 _aA paradigm shift:
_bfrom paper-and-pencil tests to performance-based assessment/
_cLeni Puppin.
260 _aWashington, D.C. :
_bEnglish Teaching Forum,
_cc2006-2008.
300 _av45 n4, pages 10-16:
_billustrations;
_c27 cm.
650 _aTeaching
_xAssessment.
_943246
942 _2ddc
_cPER